Statistics for World Capitals Closest to Canberra - 30 Second Sprint

Click here to take the quiz!

General Stats

  • This quiz has been taken 10 times
  • The average score is 11 of 20

Answer Stats

kmcapitalmiles% Correct
2329Wellington1447
100%
3821Dili2374
89%
5397Jakarta3354
89%
2882Port Moresby1791
89%
3462Suva2151
89%
4580Apia2846
67%
2723Port Vila1692
67%
3080Honiara1914
56%
6296Manila3912
56%
3810Nuku'alofa2367
56%
4796Palikir2980
56%
5000Ngerulmud3107
44%
6125Singapore3862
44%
4785Tarawa2973
44%
4284Yaren2662
44%
4267Funafuti2651
33%
5263Majuro3270
33%
4400Alofi2734
11%
5189Avarua3224
11%
5724Bandar Seri
Begawan
3557
11%

Score Distribution

Percentile by Number Answered

Percent of People with Each Score

Your Score History

You have not taken this quiz